00633nmm a2200193Ia 4500008004100000020001800041041000800059100002900067245007700096264005400173300001800227490001400245650004300259700002900302700003300331856005100364942000700415999001700422251105s9999||||xx |||||||||||||||||und|| a9788480217972 aspa aRodríguez, Inmaculada  0aArte en los confines del imperio : visiones hispánicas de otros mundos a[Madrid, España] :bUniversitat Jaume I, c2011 a373 páginas aAmèrica aHistory of the Americas: Latin America aRodríguez, Inmaculada 1 a Mínguez, Víctor (eds.). uhttps://public.digitaliapublishing.com/a/30385 cCF c70668d70668